Советское уголовное право. Часть особенная.: учебник для вузов

Бібліографічні деталі
Інші автори: Бородин С. В. (редактор), Воронин Ю. А., Галиакбаров Р. Р., Загородников Н. И., Ковалев М. И. Митрофан Иванович
Резюме:Авт. указаны на обороте тит. л.
Исключено из фонда НТБ ТПУ
Мова:Російська
Опубліковано: Москва, Юридическая литература, 1983
Формат: MixedMaterials Книга
KOHA link:https://koha.lib.tpu.ru/cgi-bin/koha/opac-detail.pl?biblionumber=291533

MARC

LEADER 00000nam0a2200000 4500
001 291533
005 20231101000532.0
020 |a RU  |b 83-89402 
035 |a (RuTPU)RU\TPU\book\316111 
090 |a 291533 
100 |a 20150415d1983 u a0rusy5003 ca 
101 0 |a rus 
102 |a RU 
105 |a y j 000zy 
200 1 |a Советское уголовное право. Часть особенная.  |e учебник для вузов  |f С. В. Бородин [и др.]  |g под ред. М. И. Ковалева 
210 |a Москва  |c Юридическая литература  |d 1983 
215 |a 479 с. 
300 |a Авт. указаны на обороте тит. л. 
333 |a Исключено из фонда НТБ ТПУ 
686 |a Х628.11я73  |2 rubbk 
701 1 |a Бородин  |b С. В. 
701 1 |a Воронин  |b Ю. А. 
701 1 |a Галиакбаров  |b Р. Р. 
701 1 |a Загородников  |b Н. И. 
702 1 |a Ковалев  |b М. И.  |g Митрофан Иванович  |4 340 
801 0 |a RU  |b RuMRKP  |c 19950704  |g psbo 
801 1 |a RU  |b 63413507  |c 20150415 
801 2 |a RU  |b 63413507  |c 20210616  |g RCR 
942 |c BK